US History/Geography Quiz 4: Milking - Statistics

General Stats
  • This quiz has been taken 14 times
  • The average score is 10 of 15
Answer Stats
Hint Answer % Correct
Area that the US purchased from Russia in 1867, became a territory, and officially became a state in 1959. Alaska
100%
Year when the US entered World War I 1917
92%
Year when Japan launched a surprise attack on Pearl Harbor. 1941
92%
Year when the Korean War started. 1950
92%
Only president to have served for more than 2 terms. Franklin D. Roosevelt
92%
Most populated city in the US. New York City, NYC
92%
The amendment that abolished slavery. 13th Amendment
77%
The oldest mountain range in the US, which goes through the eastern US and parts of Canada. Appalachian Mountains
69%
Country the US invaded in 1989 to depose de facto ruler, Manuel Noriega. Panama
62%
The Ogaden War was a war in Africa fought from 1977 to 1978 between this country and Somalia. The US initially supported this country before interestingly switching sides to Somalia as regimes changed. Ethiopia
54%
President was involved in the Iran-Contra Affair. Ronald Reagan
54%
Only president to have been a bachelor. James Buchanan
46%
Web portal and former online service provider founded by Marc Seriff, Steve Case, Jim Kimsey, and William von Meister in 1983, best known for revolutionizing the internet in the 1990s. AOL
31%
City in Virginia where the Norfolk & Western Railway built their own steam locomotives. Roanoke, VA
15%
Civil War battle also known as the "Battle Above the Clouds." Battle of Lookout Mountain
0%
No matching quizzes found
Score Distribution
Percent of People with Each Score
Percentile by Number Answered
Your Score History
You have not taken this quiz